Fábulas de entretiempo / (Record no. 111588)

MARC details
000 -LEADER
campo de control de longitud fija 00719nam a2200229 4500
001 - NÚMERO DE CONTROL
campo de control 111588
003 - IDENTIFICADOR DE NÚMERO DE CONTROL
campo de control ES-MaACL
005 - FECHA Y HORA DE LA ÚLTIMA TRANSACCIÓN
campo de control 20240524105731.0
007 - CAMPO FIJO DE DESCRIPCIÓN FÍSICA--INFORMACIÓN GENERAL
campo de control de longitud fija t|
008 - DATOS DE LONGITUD FIJA--INFORMACIÓN GENERAL
campo de control de longitud fija 061121s1986 sp r ||||1| spa d
020 ## - NÚMERO INTERNACIONAL ESTÁNDAR DEL LIBRO
Número Internacional Estándar del Libro 84-86209-07-2
100 1# - ENTRADA PRINCIPAL--NOMBRE DE PERSONA
Nombre de persona Naranjo Martín, Manuel.
9 (RLIN) 84926
245 10 - MENCIÓN DEL TÍTULO
Título Fábulas de entretiempo /
Mención de responsabilidad, etc. Manuel Naranjo ; [prólogo de Domingo F. Faile].
260 ## - PUBLICACIÓN, DISTRIBUCIÓN, ETC.
Lugar de publicación, distribución, etc. Algeciras (Cádiz) :
Nombre del editor, distribuidor, etc. Alba,
Fecha de publicación, distribución, etc. 1986.
300 ## - DESCRIPCIÓN FÍSICA
Extensión 82 p. ;
Dimensiones 21 cm.
490 1# - MENCIÓN DE SERIE
Mención de serie Cuadernos de Al Andalus ;
Designación de volumen o secuencia 1
500 ## - NOTA GENERAL
Nota general Ded. Autgr. del autor.
700 1# - ENTRADA AGREGADA--NOMBRE PERSONAL
Nombre de persona Faílde, Domingo F.,
Fechas asociadas al nombre 1948-
9 (RLIN) 48645
830 0# - PUNTO DE ACCESO ADICIONAL DE SERIE-TÍTULO UNIFORME
Título uniforme Cuadernos de Al Andalus ;
Designación de volumen o secuencia 1
9 (RLIN) 233074
852 ## - LOCALIZACIÓN
Ubicación ES-MaACL
Número de control de estantería G-9421
Sublocalización o colección R.112720
Holdings
Estatus retirado Estado de pérdida Estado de daño No para préstamo Biblioteca de origen Biblioteca actual Ubicación en estantería Fecha de adquisición Fuente de adquisición Total de préstamos Signatura topográfica completa Código de barras Visto por última vez Precio de reemplazo Tipo de ítem Koha
        Biblioteca del Ateneo de Madrid Biblioteca del Ateneo de Madrid Sala Pecera Planta 3 17/01/2008     G-9421 1116410 23/02/2023 23/02/2023 Libro impreso